| 000 | 01045pam a2200349 a 4500 | ||
|---|---|---|---|
| 003 | OSt | ||
| 005 | 20140310182736.0 | ||
| 008 | 910517m19929999paua b 001 0 eng c | ||
| 010 | _a 91021752 | ||
| 020 | _a0397549083 (v. 1) | ||
| 020 | _a9715843107 | ||
| 040 |
_aDNLM/DLC _cDLC _dDLC |
||
| 050 | 0 | 0 |
_aRT 52 _b.El44 1996 |
| 100 | 1 | _aEllis, Janice Rider. | |
| 245 | 1 | 0 |
_aModules for basic nursing skills / _cJanice Rider Ellis, Elizabeth Ann Nowlis, Patricia M. Bentz. |
| 250 | _a6th ed. | ||
| 260 |
_aNew York : _bLippincott, _c1996 |
||
| 300 |
_av. <1-2 > : _bill. ; _c28 cm. |
||
| 521 | _aNUR | ||
| 650 | 0 |
_aNursing _xOutlines, syllabi, etc. |
|
| 650 | 0 |
_aNursing _xProblems, exercises, etc. |
|
| 650 | 2 |
_aNursing _xprogrammed instruction. |
|
| 700 | 1 | _aNowlis, Elizabeth Ann. | |
| 700 | 1 | _aBentz, Patricia M. | |
| 906 |
_a7 _bcbc _corignew _d1 _eocip _f19 _gy-gencatlg |
||
| 942 |
_2lcc _cBK _kFOR |
||
| 999 |
_c15508 _d15508 |
||